Mistrzowie Europy w piłce ręcznej mężczyzn - Statystyki

Ogólne statystyki
  • Ten quiz został rozwiązany 36 razy
  • Średni wynik to 16 z 17
Statystyki odpowiedzi
Rok Reprezentacja % Poprawnych
2004 Niemcy
100%
2016 Niemcy
100%
2008 Dania
97%
2012 Dania
97%
2026 Dania
97%
2006 Francja
97%
2010 Francja
97%
2014 Francja
97%
2024 Francja
97%
2018 Hiszpania
94%
2020 Hiszpania
94%
1996 Rosja
88%
1994 Szwecja
88%
1998 Szwecja
88%
2000 Szwecja
88%
2002 Szwecja
88%
2022 Szwecja
88%
Nie znaleziono quizów pasujących do podanych kryteriów
Rozkład punktacji
Procent ludzi z każdym wynikiem
Percentyl według liczby udzielonych odpowiedzi
Twoja historia wyników
Nie rozwiązałeś tego quizu